দেয়াল /

Manylion Llyfryddiaeth
Prif Awdur: আহমেদ, হুমায়ূন, ১৯৪৮-২০১২
Fformat: Llyfr
Iaith:Bengali
Cyhoeddwyd: ঢাকা : অন্যপ্রকাশ, ২০১৪ [এয়োদশ মুদ্রণ ২০১৮].
Pynciau:
Classic Catalogue: View this record in Classic Catalogue
LEADER 02970nam a22004217i 4500
001 28256
003 BD-DhAAL
005 20251105170952.0
008 141208t20142013bg 000 1 ben
010 |a  2014346101 
020 |a 9789845021272 
040 |a DLC  |b eng  |e rda  |c DLC  |d DLC  |d BD-DhAAL 
041 |a ben 
042 |a lcode 
050 0 0 |a MLCSA 2014/00693 (P)  |a PK1730.23.U6 
082 |a 891.44371 
100 1 |a আহমেদ, হুমায়ূন,  |d ১৯৪৮-২০১২.  |9 6691 
245 1 0 |a দেয়াল /  |c হুমায়ূন আহমেদ. 
246 3 1 |a Deyal 
260 |a ঢাকা :  |b অন্যপ্রকাশ,  |c ২০১৪ [এয়োদশ মুদ্রণ ২০১৮]. 
300 |a ১৯৮ পৃ. ;  |c ২২ সে. মি. 
500 |a Novel. 
526 |a AAL 
541 |a রকমারি.com(34508)  |e 28256, 34508 
546 |a In Bengali. 
651 0 |a Bangladesh  |x Fiction  |9 6692 
942 |2 ddc  |c BK 
999 |c 33260  |d 33260 
952 |0 0  |1 0  |2 ddc  |4 0  |6 891_443710000000000_AHA  |7 0  |9 44407  |a BRACUL  |b BRACUL  |c GEN  |d 2014-12-08  |e Karim International  |g 350.00  |l 47  |m 252  |o 891.44371 AHA  |p 3010028256  |q 2026-06-02  |r 2026-04-08  |s 2026-04-08  |t 1  |w 2014-12-08  |y BK 
952 |0 0  |1 1  |2 ddc  |4 0  |6 891_443710000000000_AHA  |7 0  |9 44408  |a BRACUL  |b BRACUL  |c GEN  |d 2014-12-08  |e Karim International  |g 350.00  |l 0  |o 891.44371 AHA  |p 3010028257  |r 2014-12-08  |t 2  |w 2014-12-08  |y BK 
952 |0 0  |1 2  |2 ddc  |4 0  |6 891_443710000000000_AHA  |7 0  |9 44409  |a BRACUL  |b BRACUL  |c GEN  |d 2014-12-08  |e Karim International  |g 350.00  |l 16  |m 110  |o 891.44371 AHA  |p 3010028258  |q 2022-02-28  |r 2017-08-10  |s 2017-08-10  |t 3  |w 2014-12-08  |y BK 
952 |0 0  |1 1  |2 ddc  |4 0  |6 891_443710000000000_AHA  |7 0  |9 44410  |a BRACUL  |b BRACUL  |c GEN  |d 2014-12-08  |e Karim International  |g 350.00  |l 2  |o 891.44371 AHA  |p 3010028259  |r 2015-03-31  |s 2015-01-18  |t 4  |w 2014-12-08  |y BK 
952 |0 0  |1 0  |2 ddc  |4 0  |6 891_443710000000000_AHA  |7 0  |9 44411  |a BRACUL  |b BRACUL  |c GEN  |d 2014-12-08  |e Karim International  |g 350.00  |l 58  |m 249  |o 891.44371 AHA  |p 3010028260  |r 2026-04-26  |s 2026-04-23  |t 5  |w 2014-12-08  |y BK 
952 |0 0  |1 0  |2 ddc  |4 0  |6 891_400000000000000_4371_AHA  |7 0  |9 57859  |a SCL  |b SCL  |c GEN  |d 2016-02-06  |g 380.00  |l 30  |m 83  |o 891.44371 AHA  |p 3020007999  |r 2024-09-18  |s 2024-09-10  |t 6  |w 2016-02-06  |y BK 
952 |0 0  |1 0  |2 ddc  |4 0  |6 891_400000000000000_4371_AHA  |7 0  |9 57860  |a SCL  |b SCL  |c GEN  |d 2016-02-06  |g 380.00  |l 34  |m 61  |o 891.44371 AHA  |p 3020008134  |r 2026-02-15  |s 2026-01-22  |t 7  |w 2016-02-06  |y BK 
952 |0 0  |1 0  |2 ddc  |4 0  |6 891_400000000000000_4371_AHA  |7 0  |9 58019  |a SCL  |b SCL  |c GEN  |d 2016-02-14  |g 380.00  |l 31  |m 73  |o 891.44371 AHA  |p 3020008000  |r 2024-09-21  |s 2024-09-09  |t 8  |w 2016-02-14  |y BK 
952 |0 0  |1 0  |2 ddc  |4 0  |6 891_400000000000000_4371_AHA  |7 0  |9 62709  |a SCL  |b SCL  |c GEN  |d 2018-02-11  |g 380.00  |l 30  |m 89  |o 891.44371 AHA  |p 3020007998  |r 2026-02-24  |s 2026-02-18  |t 9  |w 2018-02-11  |y BK 
952 |0 0  |1 0  |2 ddc  |4 0  |6 891_443710000000000_AHA  |7 0  |9 65460  |a BRACUL  |b BRACUL  |c GEN  |d 2019-05-09  |e রকমারি.com  |g 333.00  |l 33  |m 158  |o 891.44371 AHA  |p 3010034508  |q 2026-06-02  |r 2026-05-17  |s 2026-05-17  |t 10  |v 333.00  |w 2019-05-09  |y BK